Großstädte Englands - Statistiken

Allgemein
  • Dieses Quiz wurde 653 mal gespielt
  • Das Durchschnittsergebnis liegt bei 23 aus 76
Antwortstatistiken
Region Einwohner Stadt % Korrekt
Greater London 8'870 k London
99%
North West England 572 k Liverpool
95%
West Midlands 1'141 k Birmingham
93%
North West England 549 k Manchester
91%
Yorkshire and the Humber 500 k Leeds
76%
North East England 283 k Newcastle upon Tyne
72%
South East England 243 k Brighton and Hove
66%
Yorkshire and the Humber 162 k York
66%
South East England 271 k Southampton
64%
South West England 567 k Bristol
63%
South East England 170 k Oxford
62%
Yorkshire and the Humber 542 k Sheffield
62%
East Midlands 308 k Nottingham
61%
East Midlands 464 k Leicester
60%
East of England 156 k Cambridge/Milton
55%
South West England 242 k Plymouth
51%
East of England 196 k Norwich
50%
West Midlands 216 k Wolverhampton
46%
Yorkshire and the Humber 288 k Kingston upon Hull
43%
South East England 248 k Portsmouth
43%
North East England 176 k Sunderland
40%
South West England 202 k Bournemouth
38%
East of England 225 k Luton
36%
West Midlands 275 k Stoke-on-Trent
35%
North West England 145 k Blackpool
34%
South East Enland 228 k Reading
34%
East Midlands 263 k Derby
33%
East of England 148 k Ipswich
33%
South West England 124 k Exeter
31%
East of England 141 k Watford
31%
North West England 118 k Blackburn
29%
West Midlands 363 k Coventry
29%
North West England 201 k Bolton
28%
East Midlands 229 k Northampton
28%
Yorkshire and the Humber 170 k Huddersfield
27%
South West England 101 k Bath
26%
North East England 177 k Middlesbrough
26%
Yorkshire and the Humber 360 k Bradford
25%
South East England 182 k Milton Keynes
24%
East of England 174 k Peterborough
20%
Nort West England 106 k Wigan
20%
West Midlands 104 k Worcester
19%
South West England 146 k Gloucester
18%
East of England 131 k Colchester
17%
Yorkshire and the Humber 113 k Doncaster
17%
East of England 182 k Southend-on-Sea
17%
South West England 190 k Swindon
17%
East Midlands 105 k Lincoln
16%
South West England 118 k Cheltenham
15%
South East England 113 k Eastbourne
15%
North West England 104 k Oldham
13%
Yorkshire and the Humber 110 k Rotherham
13%
South West England 159 k Poole
12%
South East England 112 k Crawley
11%
South West England 109 k Gillingham
11%
South East England 125 k High Wycombe
11%
North West England 110 k Stockport
11%
North West England 171 k Warrington
11%
East of England 115 k Chelmsford
10%
North West England 110 k Rochdale
10%
North West England 114 k Salford
10%
South East England 162 k Slough
10%
North West England 144 k Birkenhead
8%
South East England 116 k Maidstone
8%
Yorkshire and the Humber 103 k Wakefield
8%
South East England 106 k Woking/Byfleet
8%
South East England 113 k Worthing
8%
North West England 137 k Sale
7%
East of England 114 k Basildon
6%
South East England 114 k Basingstoke
6%
North West England 104 k Saint Helens
6%
West Midlands 126 k Solihull
6%
West Midlands 108 k Sutton Coldfield
6%
West Midlands 147 k Telford
6%
North East England 121 k Gateshead
5%
East of England 101 k Hemel Hempstead
5%
Keine übereinstimmenden Quizze gefunden
Verteilung der Resultate
Anzahl Personen mit jedem Resultat
Perzentil nach korrekt beantworteten Fragen
Ihre Resultats-Entwicklung
Sie haben dieses Quiz noch nicht gespielt